You Found Me - The Fray - All Lyrics - Statistics

General Stats
  • This quiz has been taken 152 times
  • The average score is 229 of 288
Answer Stats
Answer % Correct
a
100%
found
99%
you
99%
You
99%
you?
99%
and
98%
And
98%
me,
98%
me
98%
me?
98%
the
98%
I
97%
Where
97%
"Where
97%
We’re
94%
on
93%
in
92%
were
92%
last
91%
Lost
89%
be
84%
kinda
84%
of
84%
to
84%
To
84%
was
84%
when
84%
all
83%
floor
83%
insecure
83%
Lyin'
83%
God
82%
corner
78%
have
78%
am
77%
Just
76%
my
76%
by
75%
He
74%
little
74%
who
72%
Who
72%
ever
71%
never
71%
wait?
71%
wait
71%
Why’d
71%
Why'd
71%
been?”
70%
been
70%
No
70%
no
70%
late
69%
but
68%
But
68%
First
68%
said,
68%
Surrounded,
67%
surrounded
67%
came
64%
fallin'
64%
that
63%
apart?
62%
call
62%
everything
62%
her,
62%
I'm
62%
know
62%
alone
61%
not,
61%
she
59%
"Ask
57%
one
57%
days
56%
needed
56%
wanna
56%
got
55%
his
55%
For
54%
for
54%
smokin'
54%
anything”
53%
how
53%
only
53%
telephone
53%
west
53%
Amistad
52%
I've
52%
cigarette
49%
spent
49%
up
49%
end
48%
letters
48%
will
48%
rang
47%
way
47%
find
46%
ends
45%
known
45%
messages
45%
some
45%
everyone
44%
left
44%
next
44%
sent
44%
want
44%
years
44%
who's
43%
won
41%
long
40%
losin'
39%
takin'
39%
callin'
37%
nerve
37%
city
34%
early
33%
mornin'
33%
breaks
25%
Well,
24%
No matching quizzes found
Score Distribution
Percent of People with Each Score
Percentile by Number Answered
Your Score History
You have not taken this quiz